|
|
|
|
| LEADER |
03224nam a22006135i 4500 |
| 001 |
978-3-642-24574-9 |
| 003 |
DE-He213 |
| 005 |
20170116033809.0 |
| 007 |
cr nn 008mamaa |
| 008 |
111025s2011 gw | s |||| 0|eng d |
| 020 |
|
|
|a 9783642245749
|9 978-3-642-24574-9
|
| 024 |
7 |
|
|a 10.1007/978-3-642-24574-9
|2 doi
|
| 040 |
|
|
|d GrThAP
|
| 050 |
|
4 |
|a QA76.76.A65
|
| 072 |
|
7 |
|a UNH
|2 bicssc
|
| 072 |
|
7 |
|a UDBD
|2 bicssc
|
| 072 |
|
7 |
|a COM032000
|2 bisacsh
|
| 082 |
0 |
4 |
|a 005.7
|2 23
|
| 245 |
1 |
0 |
|a Advances in Conceptual Modeling. Recent Developments and New Directions
|h [electronic resource] :
|b ER 2011 Workshops FP-UML, MoRE-BI, Onto-CoM, SeCoGIS, Variability@ER, WISM, Brussels, Belgium, October 31 - November 3, 2011. Proceedings /
|c edited by Olga De Troyer, Claudia Bauzer Medeiros, Roland Billen, Pierre Hallot, Alkis Simitsis, Hans Van Mingroot.
|
| 264 |
|
1 |
|a Berlin, Heidelberg :
|b Springer Berlin Heidelberg :
|b Imprint: Springer,
|c 2011.
|
| 300 |
|
|
|a XX, 396 p. 129 illus., 62 illus. in color.
|b online resource.
|
| 336 |
|
|
|a text
|b txt
|2 rdacontent
|
| 337 |
|
|
|a computer
|b c
|2 rdamedia
|
| 338 |
|
|
|a online resource
|b cr
|2 rdacarrier
|
| 347 |
|
|
|a text file
|b PDF
|2 rda
|
| 490 |
1 |
|
|a Lecture Notes in Computer Science,
|x 0302-9743 ;
|v 6999
|
| 520 |
|
|
|a This book constitutes the refereed proceedings of workshops, held at the 30th International Conference on Conceptual Modeling, ER 2011, in Brussels, Belgium in October/November 2011. The 31 revised full papers presented together with 9 posters and demonstrations (out of 88 submissions) for the workshops and the 6 papers (out of 11 submissions) for the industrial track were carefully reviewed and selected. The papers are organized in sections on the workshops Web Information Systems Modeling (WISM); Modeling and Reasoning for Business Intelligence (MORE-BI); Software Variability Management (Variability@ER); Ontologies and Conceptual Modeling (Onto.Com); Semantic and Conceptual Issues in GIS (SeCoGIS); and Foundations and Practices of UML (FP-UML).
|
| 650 |
|
0 |
|a Computer science.
|
| 650 |
|
0 |
|a Computer communication systems.
|
| 650 |
|
0 |
|a Software engineering.
|
| 650 |
|
0 |
|a Database management.
|
| 650 |
|
0 |
|a Information storage and retrieval.
|
| 650 |
|
0 |
|a Artificial intelligence.
|
| 650 |
1 |
4 |
|a Computer Science.
|
| 650 |
2 |
4 |
|a Information Systems Applications (incl. Internet).
|
| 650 |
2 |
4 |
|a Artificial Intelligence (incl. Robotics).
|
| 650 |
2 |
4 |
|a Computer Communication Networks.
|
| 650 |
2 |
4 |
|a Information Storage and Retrieval.
|
| 650 |
2 |
4 |
|a Software Engineering.
|
| 650 |
2 |
4 |
|a Database Management.
|
| 700 |
1 |
|
|a Troyer, Olga De.
|e editor.
|
| 700 |
1 |
|
|a Bauzer Medeiros, Claudia.
|e editor.
|
| 700 |
1 |
|
|a Billen, Roland.
|e editor.
|
| 700 |
1 |
|
|a Hallot, Pierre.
|e editor.
|
| 700 |
1 |
|
|a Simitsis, Alkis.
|e editor.
|
| 700 |
1 |
|
|a Mingroot, Hans Van.
|e editor.
|
| 710 |
2 |
|
|a SpringerLink (Online service)
|
| 773 |
0 |
|
|t Springer eBooks
|
| 776 |
0 |
8 |
|i Printed edition:
|z 9783642245732
|
| 830 |
|
0 |
|a Lecture Notes in Computer Science,
|x 0302-9743 ;
|v 6999
|
| 856 |
4 |
0 |
|u http://dx.doi.org/10.1007/978-3-642-24574-9
|z Full Text via HEAL-Link
|
| 912 |
|
|
|a ZDB-2-SCS
|
| 912 |
|
|
|a ZDB-2-LNC
|
| 950 |
|
|
|a Computer Science (Springer-11645)
|